NCAA Football Champions by Year - Statistics

General Stats
  • This quiz has been taken 188 times
    129 since last reset
  • The average score is 28 of 61
Answer Stats
Hint Answer % Correct
2022 Georgia
100%
2020 Alabama
99%
2021 Georgia
96%
2017 Alabama
95%
2018 Clemson
94%
2015 Alabama
91%
2019 LSU
91%
2016 Clemson
88%
2014 Ohio State
88%
2012 Alabama
82%
2011 Alabama
82%
2013 Florida State
80%
2009 Alabama
76%
2010 Auburn
75%
2007 LSU
73%
2004 USC
72%
2008 Florida
71%
2005 Texas
71%
2006 Florida
69%
2003 (AP) USC
62%
2001 Miami
61%
2003 (Coaches) LSU
60%
2002 Ohio State
59%
2000 Oklahoma
56%
1998 Tennessee
49%
1999 Florida State
48%
1997 (Coaches) Nebraska
44%
1997 (AP) Michigan
41%
1995 Nebraska
40%
1996 Florida
39%
1994 Nebraska
39%
1990 (AP) Colorado
34%
1988 Notre Dame
33%
1989 Miami
32%
1992 Alabama
28%
1990 (Coaches) Georgia Tech
27%
1987 Miami
27%
1986 Penn State
27%
1991 (Coaches) Washington
27%
1991 (AP) Miami
26%
1993 Florida State
25%
1985 Oklahoma
25%
1980 Georgia
24%
1984 BYU
21%
1978 (AP) Alabama
20%
1983 Miami
20%
1977 Notre Dame
20%
1979 Alabama
18%
1982 Penn State
18%
1973 (Coaches) Alabama
15%
1981 Clemson
15%
1975 Oklahoma
15%
1974 (AP) Oklahoma
15%
1978 (Coaches) USC
15%
1973 (AP) Notre Dame
14%
1970 (Coaches) Texas
14%
1971 Nebraska
13%
1970 (AP) Nebraska
13%
1974 (Coaches) Notre Dame
13%
1976 Pittsburgh
13%
1972 USC
13%
No matching quizzes found
Score Distribution
Percent of People with Each Score
Percentile by Number Answered
Your Score History
You have not taken this quiz since the last reset